[Event "POR-ch Seniors 65"]
[Site "Luso"]
[Date "2018.03.25"]
[Round "1"]
[White "Alves, Fernando Pereira"]
[Black "Vieira, Vitor Mendes"]
[Result "1-0"]
[WhiteElo "1718"]
[BlackElo "1426"]
[PlyCount "115"]
[EventDate "2018.03.25"]
[EventType "swiss"]
[EventRounds "5"]
[EventCountry "POR"]
[SourceTitle "EXT 2019"]
[Source "ChessBase"]
[SourceDate "2018.10.10"]
[SourceVersion "1"]
[SourceVersionDate "2018.10.10"]
[SourceQuality "1"]

1. e4 c5 2. Bc4 Nc6 3. c3 Nf6 4. Qe2 e5 5. d3 Be7 6. f4 d6 7. Na3 a6 8. Nf3 0-0 9. 0-0 b5 10. Bd5 Qc7 11. Bxc6 Qxc6 12. fxe5 dxe5 13. Nxe5 Qc7 14. Nf3 Bg4 15. Nc2 Bd6 16. g3 Rfe8 17. Qg2 Bxf3 18. Qxf3 c4 19. Re1 cxd3 20. Qxd3 Rad8 21. Qf3 Bc5+ 22. Kg2 Qd7 23. Bg5 Qd3 24. Nd4 Qxf3+ 25. Nxf3 h6 26. Bxf6 gxf6 27. Re2 Rd3 28. Rae1 Red8 29. e5 b4 30. Rc1 bxc3 31. bxc3 Re3 32. Rcc2 Rdd3 33. Rxe3 Rxe3 34. exf6 Re6 35. Rd2 Rxf6 36. Rd5 Ba3 37. c4 Rc6 38. Ne5 Rb6 39. Ra5 Rb2+ 40. Kh3 Bd6 41. Nc6 Rc2 42. Ra4 f5 43. Nd4 Rf2 44. Rxa6 Be5 45. Nc6 Bd6 46. Nd4 Be5 47. Nc6 Bc3 48. Ra3 Bb2 49. Rb3 Bf6 50. Ra3 Kg7 51. Na7 Rc2 52. Ra4 f4 53. gxf4 Rc3+ 54. Kg4 Rc2 55. h3 Rc3 56. Nb5 h5+ 57. Kf5 Rxh3 58. Ra7+ 1-0

[Event "POR-ch Seniors 65+"]
[Site "Luso"]
[Date "2017.04.10"]
[Round "2"]
[White "Vieira, Vitor Mendes"]
[Black "Marcelino, Jose de Jesus Ferre"]
[Result "1-0"]
[WhiteElo "1440"]
[BlackElo "1295"]
[PlyCount "107"]
[EventDate "2017.04.09"]
[EventType "swiss"]
[EventRounds "5"]
[EventCountry "POR"]
[SourceTitle "EXT 2018"]
[Source "ChessBase"]
[SourceDate "2017.10.13"]
[SourceVersion "1"]
[SourceVersionDate "2017.10.13"]
[SourceQuality "1"]

1. d4 e6 2. Nf3 Nc6 3. e4 Nf6 4. Bg5 Be7 5. Nc3 0-0 6. Bd3 d5 7. Bxf6 Bxf6 8. e5 Be7 9. 0-0 f5 10. exf6 Bxf6 11. Re1 Nxd4 12. Nxd4 Bxd4 13. Bxh7+ Kxh7 14. Qxd4 Qf6 15. Rad1 b6 16. Rd3 Kg8 17. Qxf6 Rxf6 18. Nb5 c5 19. Nc7 Rb8 20. Rde3 Kf7 21. Nb5 a5 22. g4 Bd7 23. a4 Bxb5 24. axb5 d4 25. Re5 Rd8 26. g5 Rg6 27. h4 Rh8 28. R1e4 Ke7 29. Kg2 Kd6 30. Kg3 Rf8 31. h5 Rf5 32. f4 Rxe5 33. fxe5+ Kd5 34. Rg4 Kxe5 35. hxg6 Kd5 36. b3 c4 37. Kf3 cxb3 38. cxb3 e5 39. Re4 Kc5 40. Rxe5+ Kb4 41. Rd5 Kxb3 42. Rd6 a4 43. Rxd4 a3 44. Rd3+ Kb2 45. Rd7 a2 46. Ra7 a1Q 47. Rxa1 Kxa1 48. Ke4 Ka2 49. Kd5 Ka3 50. Kc6 Ka4 51. Kxb6 Kb4 52. Kc6 Ka5 53. b6 Ka6 54. Kc7 1-0

[Event "POR-ch Seniors 65+"]
[Site "Luso"]
[Date "2017.04.09"]
[Round "1"]
[White "Antao, Jorge"]
[Black "Vieira, Vitor Mendes"]
[Result "1-0"]
[WhiteElo "1850"]
[BlackElo "1440"]
[PlyCount "53"]
[EventDate "2017.04.09"]
[EventType "swiss"]
[EventRounds "5"]
[EventCountry "POR"]
[SourceTitle "EXT 2018"]
[Source "ChessBase"]
[SourceDate "2017.10.13"]
[SourceVersion "1"]
[SourceVersionDate "2017.10.13"]
[SourceQuality "1"]

1. Nf3 d5 2. d4 Nf6 3. Bg5 h6 4. Bh4 e6 5. e3 Be7 6. c4 c5 7. Nc3 cxd4 8. exd4 0-0 9. Bd3 Nbd7 10. 0-0 dxc4 11. Bxc4 Qc7 12. Bd3 a6 13. Rc1 Qa5 14. Bb1 Re8 15. Qd3 g6 16. Rfe1 b5 17. Ne5 Nxe5 18. dxe5 Nd7 19. Bxe7 Rxe7 20. Qd6 Re8 21. Ne4 Kg7 22. Red1 b4 23. Nc5 Qb6 24. Nxd7 Qxd6 25. Rxd6 Rd8 26. Nb6 Rxd6 27. exd6 1-0

[Event "Lisbon Cup 26th"]
[Site "Lisbon"]
[Date "2015.01.18"]
[Round "1"]
[White "Vieira, Vitor Mendes"]
[Black "Nanques, Helder Manuel Perei"]
[Result "0-1"]
[WhiteElo "1460"]
[BlackElo "1921"]
[PlyCount "52"]
[EventDate "2015.01.18"]
[EventType "swiss"]
[EventRounds "7"]
[EventCountry "POR"]
[SourceTitle "EXT 2017"]
[Source "ChessBase"]
[SourceDate "2016.10.25"]
[SourceVersion "1"]
[SourceVersionDate "2016.10.25"]
[SourceQuality "1"]

1. d4 e5 2. e4 exd4 3. Nf3 Nc6 4. Bc4 Bb4+ 5. Bd2 Qe7 6. 0-0 h6 7. Bxb4 Qxb4 8. Bb3 Nge7 9. Nbd2 0-0 10. Nc4 b5 11. Nce5 Nxe5 12. Nxe5 d6 13. a3 Qa5 14. Nxf7 Rxf7 15. Qf3 d5 16. Qh5 c6 17. exd5 Nxd5 18. Bxd5 cxd5 19. Qxd5 Bb7 20. Qa2 Rd8 21. b4 Qb6 22. Rae1 Bd5 23. Qb1 Bc4 24. Re5 Bxf1 25. Kxf1 Rxf2+ 26. Kxf2 Qf6+ 0-1

[Event "POR-ch Seniors"]
[Site "Fatima"]
[Date "2013.03.26"]
[Round "5.7"]
[White "Dias, Augusto Martins"]
[Black "Vieira, Vitor Mendes"]
[Result "1-0"]
[WhiteElo "1730"]
[BlackElo "1503"]
[PlyCount "43"]
[EventDate "2013.03.23"]
[EventType "swiss"]
[EventRounds "7"]
[EventCountry "POR"]
[SourceTitle "EXT 2015"]
[Source "ChessBase"]
[SourceDate "2014.11.20"]
[SourceVersion "1"]
[SourceVersionDate "2014.11.20"]
[SourceQuality "1"]

1. e4 c5 2. f4 e5 3. Nf3 exf4 4. Bc4 Qe7 5. d3 d6 6. 0-0 a6 7. Bxf4 Be6 8. Bxe6 Qxe6 9. Ng5 Qg6 10. Nc3 Nf6 11. Nd5 Nxd5 12. exd5 Be7 13. Qe1 h6 14. Nxf7 Rf8 15. Nxd6+ Kd7 16. Nxb7 Rf6 17. Qa5 Rb6 18. Nxc5+ Kc8 19. Ne6 Nd7 20. Qc3+ Nc5 21. Nxc5 Rb5 22. Ne6+ 1-0

[Event "POR-ch Seniors"]
[Site "Fatima"]
[Date "2013.03.25"]
[Round "2.6"]
[White "Lopes, Carlos Correia"]
[Black "Vieira, Vitor Mendes"]
[Result "1-0"]
[WhiteElo "1882"]
[BlackElo "1503"]
[PlyCount "63"]
[EventDate "2013.03.23"]
[EventType "swiss"]
[EventRounds "7"]
[EventCountry "POR"]
[SourceTitle "EXT 2015"]
[Source "ChessBase"]
[SourceDate "2014.11.20"]
[SourceVersion "1"]
[SourceVersionDate "2014.11.20"]
[SourceQuality "1"]

1. e4 Nf6 2. e5 Nd5 3. Nc3 Nxc3 4. dxc3 Nc6 5. Nf3 g6 6. Bc4 e6 7. Bf4 d5 8. Be2 h6 9. h4 Bd7 10. a4 a5 11. Qd2 Bg7 12. 0-0 Ne7 13. Nd4 c6 14. c4 Qc7 15. Qe3 Nf5 16. Nxf5 gxf5 17. Qg3 Rh7 18. Bd3 0-0-0 19. c3 Qb6 20. b4 dxc4 21. Bxc4 f6 22. Be3 Qc7 23. Qg6 Rdh8 24. exf6 Bf8 25. Rad1 Bd6 26. bxa5 c5 27. f7 Be5 28. f8Q+ Rxf8 29. Qxh7 Rh8 30. Qg6 Bc6 31. Qxe6+ Bd7 32. Rxd7 1-0

[Event "Lisbon-ch sf"]
[Site "Lisbon"]
[Date "2008.05.05"]
[Round "5"]
[White "Vitorino, Luis"]
[Black "Vieira, Vitor Mendes"]
[Result "1-0"]
[WhiteElo "1962"]
[BlackElo "1701"]
[PlyCount "109"]
[EventDate "2008.04.21"]
[EventType "swiss"]
[EventRounds "8"]
[EventCountry "POR"]
[SourceTitle "EXT 2022"]
[Source "ChessBase"]
[SourceDate "2021.10.06"]
[SourceVersion "1"]
[SourceVersionDate "2021.10.06"]
[SourceQuality "1"]

1. e4 c5 2. Nf3 e6 3. d4 cxd4 4. Nxd4 Nc6 5. Be2 Qc7 6. 0-0 a6 7. Be3 Nf6 8. Nd2 Be7 9. Kh1 0-0 10. c4 Nxd4 11. Bxd4 e5 12. Be3 b6 13. a3 Bb7 14. f3 a5 15. Rc1 Rac8 16. Nb1 Ba6 17. Nc3 Bc5 18. Nd5 Nxd5 19. cxd5 Bxe2 20. Qxe2 Qa7 21. Rfd1 d6 22. Bd2 Bd4 23. Qb5 Rc5 24. Rxc5 dxc5 25. g3 h6 26. Kg2 f5 27. exf5 Rxf5 28. Bc3 Qf7 29. Qd3 Rf6 30. Bxd4 exd4 31. Qe4 Rd6 32. Re1 Qxd5 33. Qe8+ Kh7 34. Re5 Qc4 35. Qe7 Qc2+ 36. Re2 Qg6 37. Rd2 Re6 38. Qd7 Re3 39. Qb5 Qf6 40. f4 h5 41. Qd7 Re6 42. Qd5 Qg6 43. f5 Qg5 44. Qxe6 Qxd2+ 45. Kh3 Qg5 46. Qe4 Qg4+ 47. Qxg4 hxg4+ 48. Kxg4 c4 49. Kf4 c3 50. bxc3 dxc3 51. Ke3 b5 52. Kd3 b4 53. g4 a4 54. axb4 g5 55. Kxc3 1-0

[Event "POR-ch Seniors"]
[Site "Lisbon"]
[Date "2007.03.30"]
[Round "6"]
[White "Vieira, Vitor Mendes"]
[Black "Feijoeiro, Antonio Santos"]
[Result "1-0"]
[WhiteElo "1835"]
[BlackElo "1600"]
[PlyCount "37"]
[EventDate "2007.03.25"]
[EventType "swiss"]
[EventRounds "7"]
[EventCountry "POR"]
[SourceTitle "EXT 2018"]
[Source "ChessBase"]
[SourceDate "2017.10.13"]
[SourceVersion "1"]
[SourceVersionDate "2017.10.13"]
[SourceQuality "1"]

1. e4 e5 2. Bb5 a6 3. Ba4 Nf6 4. d4 exd4 5. e5 Qe7 6. Nf3 c5 7. Bb3 h6 8. 0-0 Nh7 9. Na3 b5 10. Bd5 Nc6 11. Qd3 Rb8 12. c3 g6 13. e6 g5 14. exd7+ Qxd7 15. Re1+ Kd8 16. Bxc6 Qxc6 17. cxd4 c4 18. Qe3 Kc7 19. Qe5+ 1-0

[Event "POR-ch Seniors"]
[Site "Lisbon"]
[Date "2007.03.29"]
[Round "5"]
[White "Vieira, Vitor Mendes"]
[Black "Figueiredo, Renato Freire"]
[Result "0-1"]
[WhiteElo "1835"]
[BlackElo "1988"]
[PlyCount "24"]
[EventDate "2007.03.25"]
[EventType "swiss"]
[EventRounds "7"]
[EventCountry "POR"]
[SourceTitle "EXT 2018"]
[Source "ChessBase"]
[SourceDate "2017.10.13"]
[SourceVersion "1"]
[SourceVersionDate "2017.10.13"]
[SourceQuality "1"]

1. e4 c5 2. Nf3 e6 3. d4 cxd4 4. Nxd4 Nf6 5. Nc3 Bb4 6. Bg5 Nc6 7. Be2 Qa5 8. Bxf6 Bxc3+ 9. bxc3 Qxc3+ 10. Kf1 gxf6 11. Nb5 Qe5 12. Bh5 Qxb5+ 0-1

[Event "POR-ch Seniors"]
[Site "Lisbon"]
[Date "2007.03.28"]
[Round "4"]
[White "Dias, Luis Goncalves"]
[Black "Vieira, Vitor Mendes"]
[Result "0-1"]
[WhiteElo "1730"]
[BlackElo "1835"]
[PlyCount "48"]
[EventDate "2007.03.25"]
[EventType "swiss"]
[EventRounds "7"]
[EventCountry "POR"]
[SourceTitle "EXT 2018"]
[Source "ChessBase"]
[SourceDate "2017.10.13"]
[SourceVersion "1"]
[SourceVersionDate "2017.10.13"]
[SourceQuality "1"]

1. d4 Nf6 2. c4 e6 3. Nc3 Bb4 4. Bd2 0-0 5. a3 Bxc3 6. Bxc3 b6 7. Nf3 Bb7 8. e3 Ne4 9. Bb4 d6 10. Bd3 a5 11. Bc3 Nxc3 12. bxc3 h6 13. 0-0 Nd7 14. e4 Nf6 15. Re1 e5 16. d5 Nh7 17. Re3 Bc8 18. h3 f5 19. exf5 Bxf5 20. Bxf5 Rxf5 21. Ra2 Nf6 22. g4 Rf4 23. Qd3 e4 24. Qd4 Rxf3 0-1

[Event "POR-ch Seniors"]
[Site "Lisbon"]
[Date "2007.03.26"]
[Round "2"]
[White "Vieira, Vitor Mendes"]
[Black "Cordovil, Joao Maria"]
[Result "0-1"]
[WhiteElo "1835"]
[BlackElo "2219"]
[PlyCount "58"]
[EventDate "2007.03.25"]
[EventType "swiss"]
[EventRounds "7"]
[EventCountry "POR"]
[SourceTitle "EXT 2018"]
[Source "ChessBase"]
[SourceDate "2017.10.13"]
[SourceVersion "1"]
[SourceVersionDate "2017.10.13"]
[SourceQuality "1"]

1. d4 d5 2. c4 c6 3. Nc3 Nf6 4. Nf3 a6 5. e3 b5 6. cxd5 cxd5 7. Bd3 Bb7 8. 0-0 e6 9. a3 Nbd7 10. Re1 Rc8 11. Nd2 Qb6 12. Qb3 Bd6 13. Nf3 0-0 14. e4 Rxc3 15. bxc3 dxe4 16. Bxe4 Bxe4 17. Ne5 Nxe5 18. dxe5 Bxe5 19. Bg5 Bd5 20. Qc2 Qc7 21. Bxf6 Bxf6 22. Re3 Rc8 23. Rh3 g6 24. Rc1 Qf4 25. Re3 Bd4 26. g3 Qf6 27. Rd3 Be4 28. Rf1 Bxd3 29. Qxd3 Rxc3 0-1

[Event "Lisbon-ch Seniors"]
[Site "Lisbon"]
[Date "2006.02.24"]
[Round "3"]
[White "Loureiro, Ernesto Oscar"]
[Black "Vieira, Vitor Mendes"]
[Result "0-1"]
[WhiteElo "1697"]
[BlackElo "1589"]
[PlyCount "52"]
[EventDate "2006.02.20"]
[EventType "swiss"]
[EventRounds "7"]
[EventCountry "POR"]
[SourceTitle "EXT 2008"]
[Source "ChessBase"]
[SourceDate "2007.11.25"]
[SourceVersion "1"]
[SourceVersionDate "2007.11.25"]
[SourceQuality "1"]

1. e4 c5 2. Nf3 e6 3. d4 cxd4 4. Nxd4 Nc6 5. Be3 Nf6 6. Nc3 Qc7 7. Be2 a6 8. Qd2 Be7 9. 0-0-0 b5 10. Nxc6 dxc6 11. Bf4 e5 12. Bg5 0-0 13. Bd3 Rd8 14. Bxf6 Bxf6 15. Qe2 Be6 16. Kb1 Qa5 17. Qe1 b4 18. Ne2 Bxa2+ 19. Kc1 Bg5+ 20. f4 exf4 21. h4 Bh6 22. Rd2 b3 23. Kd1 f3 24. gxf3 bxc2+ 25. Kxc2 Qa4+ 26. Kc1 Rxd3 0-1

[Event "Lisbon-ch Seniors"]
[Site "Lisbon"]
[Date "2006.02.20"]
[Round "1"]
[White "Tarira, Walter Antonio"]
[Black "Vieira, Vitor Mendes"]
[Result "0-1"]
[WhiteElo "1782"]
[BlackElo "1589"]
[PlyCount "60"]
[EventDate "2006.02.20"]
[EventType "swiss"]
[EventRounds "7"]
[EventCountry "POR"]
[SourceTitle "EXT 2008"]
[Source "ChessBase"]
[SourceDate "2007.11.25"]
[SourceVersion "1"]
[SourceVersionDate "2007.11.25"]
[SourceQuality "1"]

1. d3 d5 2. e3 e5 3. Nd2 Nf6 4. g3 Nc6 5. Bg2 Bb4 6. a3 Ba5 7. b4 Bb6 8. Ne2 0-0 9. 0-0 Bf5 10. Bb2 Re8 11. h3 Qc8 12. g4 Bxg4 13. hxg4 Nxg4 14. Bxd5 Bxe3 15. Bxf7+ Kh8 16. Bxe8 Qxe8 17. Ng3 Qg6 18. Nde4 Bb6 19. Qf3 Ne7 20. c4 c6 21. c5 Bc7 22. Kg2 Kg8 23. Rh1 Rf8 24. Qe2 Nd5 25. Bc1 Ngf6 26. Nxf6+ Rxf6 27. Qh5 Qxd3 28. Qe8+ Rf8 29. Qe6+ Kh8 30. Bb2 Nf4+ 0-1